| 000 | 00846nam a2200241Ia 4500 | ||
|---|---|---|---|
| 005 | 20240530102144.0 | ||
| 008 | 140319s1994 xx 000 0 ara d | ||
| 040 |
_aGCL / _cGCL |
||
| 082 | 0 | 4 |
_a811.9 / _bع م |
| 100 | 1 | _aعزيز اباظه | |
| 245 | 1 | 0 |
_aمسرح الشعر : _bالمجلد الثانى / _cعزيز اباظه |
| 260 |
_aالقاهرة : _bالهيئة المصرية العامة للكتاب، _c1994 |
||
| 300 |
_a663 ص؛ _c24 سم |
||
| 490 |
_aالاعمال المسرحية الكاملة _v( 2 ) |
||
| 650 | 0 | 4 | _aالادب العربى |
| 650 | 0 | 4 | _aعزيز اباظه |
| 650 | 0 | 4 | _aالعصر الحديث |
| 650 | 0 | 4 | _aدواوين وقصائد |
| 650 | 0 | 4 | _aالشعر المسرحى |
| 650 | 0 | 4 | _aالشعر التمثيلى |
| 942 |
_2ddc _cBK |
||
| 999 |
_c30197 _d30197 |
||